| 000 | 00890cab a2200253 4500 | ||
|---|---|---|---|
| 001 | ABS58346 | ||
| 008 | 090401t1998 xxu||||| |||| 00| 0 eng d | ||
| 035 | _a(Sirsi) u84370 | ||
| 041 | _aeng | ||
| 245 | _aISO 9000 the part it plays in the quest for real quality improvement | ||
| 260 | _c1998 | ||
| 350 | _a0 | ||
| 490 |
_aASI Journal _v9(5) January 1998, 12-13(2) |
||
| 520 | _aLooks at the process of Real Quality Improvement (RQI) which can produce visible benefits quickly for companies and lead to Total Quality Management. Considers the differences between RQI and TQM. | ||
| 650 | _aISO 9000 | ||
| 650 | _aQUALITY ASSURANCE | ||
| 650 | _aREAL QUALITY IMPROVEMENT | ||
| 650 | _aRQI | ||
| 650 | _aTOTAL QUALITY MANAGEMENT | ||
| 650 | _aTOTAL QUALITY MANAGEMENT | ||
| 690 | _aMANAGEMENT-BUSINESS MANAGEMENT-PROFESSIONAL PRACTICE | ||
| 942 | _n0 | ||
| 948 | _c20/02/1998 | ||
| 999 |
_c53023 _d53023 |
||